Statistics for Flags

Click here to take the quiz!

General Stats

  • This quiz has been taken 23 times
  • The average score is 13 of 16

Answer Stats

Answer% Correct
Albania
100%
Bhutan
100%
Greece
100%
Ireland
100%
Georgia
94%
Nepal
94%
iraq
88%
Kenya
88%
Bulgaria
81%
fiji
75%
Oman
75%
Turkmenistan
75%
Niger
69%
St lucia
63%
Mauritania
50%
Uraguay
25%

Score Distribution

Percentile by Number Answered

Percent of People with Each Score

Your Score History

You have not taken this quiz